000 00305nam a22001337a 4500
008 171023b xxu||||| |||| 00| 0 eng d
020 _a9780534464851
041 _aeng
080 _a311
100 _a55
101 _aSTA
245 _aESSENTIALS OF BUSINESS STATISTICS
_cWEIERS, R.M
942 _2udc
_cBK
999 _c35585
_d35585